Times de Portugal - Statistics

Estatísticas Gerais
  • Esse quiz foi jogado 336 vezes
  • A pontuação média é 15 de 18
Estatísticas das Respostas
Imagem Resposta % Correto
Porto
100%
Benfica
99%
Sporting
99%
Braga
95%
Vitoria
90%
Boa Vista
86%
Estoril
84%
Famalicão
82%
Paços de Ferreira
82%
Santa Clara
81%
Marítimo
80%
Rio Ave
80%
Portimonense
79%
Casa Pia
78%
Chaves
78%
Gil Vicente
78%
Arouca
77%
Vizela
71%
Nenhum quiz correspondente encontrado
Distribuição das Pontuações
Porcentagem de Pessoas com Cada Pontuação
Percentil de Números Respondidos
Sua Pontuação Histórica
Você não jogou esse quiz